Исследование непрямого электрохимического окисления салициловой кислоты и ее производных; Химия и химическая технология в XXI веке

Detalles Bibliográficos
Parent link:Химия и химическая технология в XXI веке.— 2006
Autor Principal: Болдакова К. А.
Outros autores: Грищенкова О. В. Ольга Владимировна
Summary:Заглавие с титульного листа
Электронная версия печатной публикации
Idioma:ruso
Publicado: 2006
Series:Охрана окружающей среды и экология Homo Sapiens
Subjects:
Acceso en liña:http://www.lib.tpu.ru/fulltext/m/2006/m24.pdf#page=202
Formato: MixedMaterials Electrónico Capítulo de libro
KOHA link:https://koha.lib.tpu.ru/cgi-bin/koha/opac-detail.pl?biblionumber=230581

MARC

LEADER 00000nla2a2200000 4500
001 230581
005 20231031202550.0
035 |a (RuTPU)RU\TPU\book\251478 
035 |a RU\TPU\book\251476 
090 |a 230581 
100 |a 20130123d2006 k y0rusy50 ca 
101 0 |a rus 
102 |a RU 
105 |a y z 100zy 
135 |a drnn ---uucaa 
181 0 |a i  
182 0 |a b 
200 1 |a Исследование непрямого электрохимического окисления салициловой кислоты и ее производных  |b Электронный ресурс  |f К. А. Болдакова, О. В. Грищенкова 
203 |a Текст  |c электронный 
225 1 |a Охрана окружающей среды и экология Homo Sapiens 
300 |a Заглавие с титульного листа 
300 |a Электронная версия печатной публикации 
337 |a Adobe Reader 
463 1 |0 (RuTPU)RU\TPU\book\111909  |t Химия и химическая технология в XXI веке  |o тезисы VII Всероссийской научно-практической конференции студентов и аспирантов, 11-12 мая 2006 г., Томск  |f Томский политехнический университет, Химико-технологический факультет  |d 2006 
610 1 |a труды учёных ТПУ 
610 1 |a электронный ресурс 
700 1 |a Болдакова  |b К. А. 
701 1 |a Грищенкова  |b О. В.  |c химик  |c ассистент кафедры Томского политехнического университета  |f 1982-  |g Ольга Владимировна  |2 stltpush  |3 (RuTPU)RU\TPU\pers\30321 
801 1 |a RU  |b 63413507  |c 20120117 
801 2 |a RU  |b 63413507  |c 20161229  |g RCR 
856 4 |u http://www.lib.tpu.ru/fulltext/m/2006/m24.pdf#page=202 
942 |c CF